Despistes y franquezas (Registro nro. 11855)

Detalles MARC
000 -CABECERA
Longitud fija campo de control 00540cam a22002057a 4500
001 - NÚMERO DE CONTROL
Número de control 3427813
003 - IDENTIFICADOR DELl NÚMERO DE CONTROL
Identificador del número de control OSt
005 - FECHA Y HORA DE LA ÚLTIMA TRANSACCIÓN
Fecha y hora de la última transacción 20150207075144.0
008 - CÓDIGOS DE INFORMACIÓN DE LONGITUD FIJA
Códigos de información de longitud fija 900620s2003 uy 000 0 spa
020 ## - NÚMERO INTERNACIONAL NORMALIZADO PARA LIBROS
Número Internacional Normalizado para Libros (ISBN) 968-19-1222-5
040 ## - FUENTE DE LA CATALOGACIÓN
Centro transcriptor BMC
082 ## - NÚMERO DE LA CLASIFICACIÓN DECIMAL DEWEY
Númeroo de clasificación 863.99395
100 1# - PUNTO DE ACCESO PRINCIPAL-NOMBRE DE PERSONA
Nombre de persona Benedetti, Mario
Fechas asociadas al nombre 1920-2009
9 (RLIN) 21154
245 10 - MENCIÓN DE TÍTULO
Título Despistes y franquezas
Mención de responsabilidad, etc. Mario Benedetti
250 ## - MENCIÓN DE EDICIÓN
Mención de edición 1ª ed., reimp
260 ## - PUBLICACIÓN, DISTRIBUCIÓN, ETC. (PIE DE IMPRENTA)
Lugar de publicación, distribución, etc. México, D.F.
Nombre del editor, distribuidor, etc. Alfaguara
Fecha de publicación, distribución, etc. 2003
300 ## - DESCRIPCIÓN FÍSICA
Extensión 287 p.
Dimensiones 23 cm
650 24 - PUNTO DE ACCESO ADICIONAL DE MATERIA - TÉRMINO DE MATERIA
9 (RLIN) 29295
Término de materia o nombre geográfico como elemento inicial Novela uruguaya
942 ## - ENTRADA DE ELEMENTOS AGREGADOS (KOHA)
Fuente de clasificaión o esquema Dewey Decimal Classification
Koha [por defecto] tipo de item 1- Monografias
Parte de clasificación ahoj
Existencias
Suprimido Perdido Fuente de clasificación o esquema Estropeado Restricciones de uso No para préstamo Código de colección Localización permanente Localización actual Localización en estanter&íacute;as Fecha adquisición Fuente de adquisición Número de inventario Préstamos totales Renovaciones totales Signatura completa Código de barras Fecha última consulta Fecha último préstamo Coste, precio reemplazado Fecha del precio de reemplazo Tipo de item de Koha
NULL NULL Dewey Decimal Classification NULL Prestable NULL NULL Biblioteca Miguel de Cervantes - UNICAES Biblioteca Miguel de Cervantes - UNICAES Sala Principal 04/07/2014 Donación - Facultad de Ciencias y Humanidades 018742 7 1 N BEN des 1019085 22/04/2025 11/04/2025 7.99 04/07/2014 1- Monografias
NULL NULL Dewey Decimal Classification NULL Prestable NULL NULL Biblioteca Miguel de Cervantes - UNICAES Biblioteca Miguel de Cervantes - UNICAES Sala Principal 17/12/2014 Donación - Facultad de Ciencias y Humanidades 026147 2   N BEN des 1026557 28/08/2015 27/08/2015 7.99 17/12/2014 1- Monografias
NULL NULL Dewey Decimal Classification NULL Prestable NULL NULL Biblioteca Miguel de Cervantes - UNICAES Biblioteca Miguel de Cervantes - UNICAES Sala Principal 17/12/2014 Donación - Facultad de Ciencias y Humanidades 026148 1   N BEN des 1026558 28/08/2015 26/08/2015 7.99 17/12/2014 1- Monografias
NULL NULL Dewey Decimal Classification NULL Prestable NULL NULL Biblioteca Miguel de Cervantes - UNICAES Biblioteca Miguel de Cervantes - UNICAES Sala Principal 17/12/2014 Donación - Facultad de Ciencias y Humanidades 026149     N BEN des 1026559 17/12/2014   7.99 17/12/2014 1- Monografias
NULL NULL Dewey Decimal Classification NULL Prestable NULL NULL Biblioteca Miguel de Cervantes - UNICAES Biblioteca Miguel de Cervantes - UNICAES Sala Principal 17/12/2014 Donación - Facultad de Ciencias y Humanidades 026150 8 5 N BEN des 1026560 12/05/2025 09/05/2025 7.99 17/12/2014 1- Monografias